Statistics for Got7 Oldest to Youngest (Kpop)

Click here to take the quiz!

General Stats

  • This quiz has been taken 1,306 times
  • The average score is 6 of 7

Answer Stats

Answer% Correct
Jackson
96%
Mark
96%
JB
94%
Jinyoung
89%
Bambam
86%
Youngjae
83%
Yugyeom
71%

Score Distribution

Percentile by Number Answered

Percent of People with Each Score

Your Score History

You have not taken this quiz